Diary of William Claytor, 1849-1896.

Bibliographic Details
Main Author: Claytor, William Quesenbury, 1827-1896
Corporate Author: Alexander Street (Firm)
Format: eBook
Language:English
Published: Alexandria, VA : Alexander Street Press, 2002.
Edition:[1st electronic ed.].
Series:American Civil War, letters and diaries.
Subjects:
Online Access:Connect to the full text of this electronic book
Connect to the full text of this electronic book

MARC

Tag First Indicator Second Indicator Subfields
LEADER 00000cam a2200000 i 4500
001 in00005640021
006 m o d
007 cr |n|---||||a
008 061024s2002 vau o 000 0 eng d
005 20250331202648.4
035 |a (OCoLC)ocn593592631 
040 |a ALSTP  |b eng  |e pn  |c ALSTP  |d OCLCQ  |d OCLCO  |d OCLCQ  |d OCLCF  |d INT  |d OCLCQ  |d DKC  |d OCLCQ  |d OCLCO  |d AAA  |d OCLCQ  |d OCLCO  |d OCLCQ 
019 |a 416103233 
035 |a (OCoLC)593592631  |z (OCoLC)416103233 
049 |a TXAM 
100 1 |a Claytor, William Quesenbury,  |d 1827-1896. 
245 1 0 |a Diary of William Claytor, 1849-1896. 
250 |a [1st electronic ed.]. 
260 |a Alexandria, VA :  |b Alexander Street Press,  |c 2002. 
300 |a 1 online resource (2 online resources (1992 pages) 
336 |a text  |b txt  |2 rdacontent 
337 |a computer  |b c  |2 rdamedia 
338 |a online resource  |b cr  |2 rdacarrier 
600 1 0 |a Claytor, William Quesenbury,  |d 1827-1896  |v Diaries. 
655 7 |a Electronic books.  |2 local 
655 7 |a Diaries  |2 fast 
710 2 |a Alexander Street (Firm) 
830 0 |a American Civil War, letters and diaries. 
856 4 0 |u http://proxy.library.tamu.edu/login?url=https://www.aspresolver.com/aspresolver.asp?CWLD;S7387;parent  |z Connect to the full text of this electronic book  |t 0 
856 4 0 |u http://proxy.library.tamu.edu/login?url=https://www.aspresolver.com/aspresolver.asp?CWLD;S9511;parent  |z Connect to the full text of this electronic book  |t 0 
936 |a BATCHLOAD 
955 |a Alexander Street - The American Civil War Letters and Diaries 
994 |a 92  |b TXA 
999 f f |s 72fab7c5-8be5-4155-9758-86966c9c7b68  |i 786d0647-6288-4111-8dce-ae9e91b88b61  |t 0 
952 f f |a Texas A&M University  |b College Station  |c Electronic Resources  |d Available Online  |t 0  |h Library of Congress classification 
998 f f |t 0  |l Available Online